Riconosci lo Stato - Quiz n°5 - Statistics

Statistiche generali
  • Questo quiz è stato fatto 131 volte
  • Il punteggio medio è 9 su 12
Statistiche sulle risposte
Indizio Risposta % Corretto
Iniziale della Capitale S
94%
Valuta Colón
93%
Presidente della Repubblica Rodrigo Chaves Robles
87%
Fuso Orario UTC-6
82%
Indipendenza 15 settembre 1821 dalla Spagna
81%
Superficie 51 100 km²
80%
Popolazione 5 111 238 ab.
78%
Forma di Governo Repubblica presidenziale
69%
PIL (nominale) 61 520 milioni di $
64%
ISU 0,809
63%
Tasso di crescita 1,288%
58%
Risposta Costa Rica
50%
Nessun quiz corrispondente trovato
Distribuzione punteggi
Percentuale di utenti per punteggio
Percentile per numero di risposta
I tuoi punteggi nel tempo
Non hai fatto questo quiz